[Event "Mechanics' Alan Benson TNM; G/2"]
[Site "San Francisco"]
[Date "2016.08.02"]
[Round "1.9"]
[White "Walder, Michael S"]
[Black "Weingarten, Daniel"]
[Result "1-0"]
[WhiteElo "2090"]
[BlackElo "1593"]
[Annotator "Donaldson"]
[PlyCount "95"]
[EventDate "2016.??.??"]

1. c4 c5 2. g3 Nc6 3. Bg2 d6 4. Nf3 Nf6 5. O-O g6 6. d4 cxd4 7. Nxd4 Bd7 8. Nc3
Bg7 9. e3 O-O 10. b3 Rb8 11. Bb2 Qc8 12. Rc1 Bh3 13. Nd5 Bxg2 14. Kxg2 (14.
Nxc6 Nxd5 15. Bxg7 Kxg7 16. cxd5 bxc6 $11) 14... Qd7 15. Nxc6 Qxc6 16. Kg1 Nxd5
17. cxd5 Qd7 18. Bxg7 Kxg7 19. Qd4+ Kg8 20. Qxa7 Ra8 21. Qb6 Ra6 (21... Rxa2
22. Rc7) 22. Qc7 (22. Rc7) 22... Rd8 23. a4 Raa8 24. Qxd7 (24. Rfd1 {
intending Rd4-b4.}) 24... Rxd7 25. Rc4 {Diagram [#]} Ra5 (25... b5 $1 {
had to be tried hoping for something like} 26. axb5 Rb7 27. Rb4 Rab8 28. Rb1
Rxb5 29. Rxb5 Rxb5 30. b4 Rxd5 31. b5 Rc5 32. b6 Rc8) 26. e4 b6 (26... b5 $1)
27. Rfc1 Rc5 (27... b5) 28. Kf1 (28. Rxc5) 28... Ra7 29. Ke2 Kg7 30. Kd3 f6 31.
R1c3 Kf7 32. h4 h6 33. f3 Ke8 34. b4 Rxc4 35. Kxc4 Rxa4 36. Kb5 Ra8 37. Kxb6
Rb8+ 38. Ka5 Ra8+ 39. Kb5 Rb8+ 40. Kc4 Kd7 41. b5 Kc7 42. Kb4+ Kb7 43. Rc6 Rd8
44. b6 Rd7 45. Kb5 g5 46. h5 Kb8 47. Rc3 Kb7 48. Ra3 1-0

[Event "Mechanics' Winter TNM; G/2"]
[Site "San Francisco"]
[Date "2016.02.23"]
[Round "8.3"]
[White "Walder, Michael S"]
[Black "Winslow, Elliott C"]
[Result "0-1"]
[WhiteElo "2123"]
[BlackElo "2311"]
[Annotator "Donaldson"]
[PlyCount "90"]
[EventDate "2016.??.??"]

1. e4 c5 2. Nf3 e6 3. d3 Nc6 4. g3 d5 5. Nbd2 Bd6 6. Bg2 Nge7 7. O-O O-O 8. Re1
f6 9. c3 Kh8 10. h4 Qe8 11. a3 d4 12. cxd4 cxd4 13. e5 Nxe5 14. Nxe5 Bxe5 15.
Rxe5 fxe5 16. Be4 Bd7 17. Bxb7 Rb8 18. Be4 Bc6 19. Qe2 Qf7 20. Bxc6 Nxc6 21.
Ne4 Qf3 22. Qc2 Ne7 23. Bd2 Nd5 24. Bb4 Rfc8 25. Qd2 Nxb4 26. axb4 h6 27. Rxa7
Rxb4 28. Nd6 Rcb8 29. Nf7+ Kg8 30. Nxe5 {
The rest of the game is strongly influenced by mutual time pressure.} Qf5 $4 (
30... Qh5 $17) 31. Nc6 $16 Qc5 32. Nxb8 Rxb8 33. Rd7 e5 34. Qe2 Qc1+ 35. Kh2
Qxb2 $4 {Diagram [#]} 36. Qxb2 $4 (36. Rd8+ Kh7 37. Qe4+ g6 38. Rd7+ Kh8 39.
Qxe5+) 36... Rxb2 37. Kg2 Rd2 38. Re7 Rxd3 39. Rxe5 Kf7 40. Rd5 Ke6 41. Rd8 Ke5
42. Kf1 Ra3 43. Rd7 d3 44. Rxg7 $4 (44. Ke1 $11) 44... Ra1+ 45. Kg2 d2 0-1

[Event "Mechanics' Spring TNM; G/2"]
[Site "San Francisco"]
[Date "2016.05.03"]
[Round "8.2"]
[White "Walder, Michael S"]
[Black "Winslow, Elliott C"]
[Result "0-1"]
[WhiteElo "2109"]
[BlackElo "2295"]
[PlyCount "76"]
[EventDate "2016.??.??"]

1. d4 Nf6 2. c4 g6 3. g3 Bg7 4. Bg2 O-O 5. Nc3 d6 6. Nf3 Nbd7 7. O-O e5 8. dxe5
dxe5 9. Nd5 Ne8 10. Bg5 f6 11. Be3 c6 12. Nc3 Qe7 13. Rc1 f5 14. Qd2 e4 15. Nd4
Ne5 16. b3 Nf6 17. f3 Rd8 18. c5 exf3 19. exf3 Qxc5 20. Rfe1 Qf8 21. Na4 Nd5
22. Bg5 Re8 23. f4 Nf7 24. Bxd5 cxd5 25. Rxe8 Qxe8 26. Re1 Bxd4+ 27. Kg2 Qc6
28. Qxd4 Nxg5 29. fxg5 Be6 30. Nc5 Re8 31. Rxe6 Rxe6 32. Nxe6 Qxe6 33. Qxa7
Qe2+ 34. Qf2 Qe4+ 35. Kf1 d4 36. h4 Kf7 37. Qe2 d3 38. Qb2 Qh1+ 0-1

[Event "Mechanics' Summer TNM; G/2"]
[Site "San Francisco"]
[Date "2016.06.21"]
[Round "5.10"]
[White "Walters, Kevin"]
[Black "Donnelly, Patrick"]
[Result "1-0"]
[WhiteElo "1886"]
[BlackElo "1729"]
[Annotator "Donaldson"]
[PlyCount "121"]
[EventDate "2016.??.??"]

1. e4 c5 2. d4 cxd4 3. c3 dxc3 4. Nxc3 Nc6 5. Nf3 d6 6. Bc4 e6 7. O-O Be7 8.
Qe2 Bd7 9. Rd1 a6 10. Be3 (10. Bf4) 10... Nf6 11. Rac1 Rc8 12. Bb3 O-O 13. Bf4
e5 14. Bg5 Bg4 (14... Be6) 15. Bxf6 $2 (15. Be3) 15... Bxf6 16. Bd5 Nd4 $19 17.
Qd3 Bxf3 18. gxf3 Bg5 19. Bxb7 Bxc1 20. Bxc8 Qg5+ 21. Bg4 h5 22. h4 Qxh4 23.
Rxc1 hxg4 24. fxg4 Qxg4+ 25. Kf1 Qh4 26. Ke1 Qh1+ 27. Kd2 Nf3+ 28. Kc2 Ne1+ 29.
Rxe1 Qxe1 30. Qf3 Rc8 31. Kd3 Qf1+ 32. Kd2 Qc4 33. Qd3 Qxd3+ 34. Kxd3 Rb8 35.
b3 Rb4 36. Nd5 Rd4+ 37. Ke3 Rd1 38. b4 Rc1 39. Kd3 Kf8 40. a4 Ra1 41. a5 Ra3+
42. Kc4 Ra1 43. Ne3 g6 44. Kd5 Ke7 $2 (44... Rb1 $1 $19) 45. Kc6 Rb1 46. Nd5+
$11 Ke6 47. Nc7+ Ke7 48. Nxa6 f5 49. exf5 gxf5 50. Nc7 Rc1+ 51. Kb7 e4 $4 (
51... Kd7 $11) 52. a6 $18 Kd7 53. Nd5 Ra1 54. a7 Rxa7+ 55. Kxa7 Kc6 56. Nc3 f4
57. b5+ Kc5 58. b6 e3 59. fxe3 f3 60. Ne4+ Kd5 61. Nf2 1-0

[Event "Mechanics' Alan Benson TNM; G/2"]
[Site "San Francisco"]
[Date "2016.09.13"]
[Round "7.21"]
[White "Walters, Kevin"]
[Black "Furukawa, Jon"]
[Result "1-0"]
[WhiteElo "1897"]
[BlackElo "1611"]
[Annotator "Winslow,Elliott"]
[PlyCount "53"]
[EventDate "2016.??.??"]

1. e4 e5 2. d4 exd4 3. c3 dxc3 4. Bc4 Nf6 {
Does Black know the combination leading to a close-to-even ending?} (4... cxb2
5. Bxb2 d5 6. Bxd5 Nf6 7. Bxf7+ Kxf7 8. Qxd8 Bb4+ 9. Qd2 Bxd2+ 10. Nxd2) 5.
Nxc3 (5. e5 d5 6. exf6 dxc4 {makes for some interesting pawns!}) 5... Bc5 $6 (
5... d6 {is the modest response.}) 6. Nf3 $6 (6. e5 $1 {is quite disruptive})
6... O-O (6... d6 {is, again, more stable.}) 7. e5 Re8 $2 {
And which square does this weaken?} (7... Ng4 8. O-O Nc6 9. Bg5 Be7 10. Bf4 d6
11. exd6 Bxd6) (7... d5 $1 {at least equalizes.}) 8. O-O Ng4 {Diagram [#]} 9.
Bxf7+ $1 {Of course!} Kh8 10. Bxe8 Qxe8 11. h3 Nxf2 (11... Nxe5 $2 12. Nxe5
Qxe5 13. Re1) 12. Rxf2 Bxf2+ 13. Kxf2 Nc6 14. Nd5 Qf8 15. Nxc7 Rb8 16. Be3 Nxe5
17. Bxa7 b6 18. Bxb8 Bb7 19. Rc1 Nxf3 20. gxf3 Bc6 21. Qe2 Qxb8 22. Qe8+ Qxe8
23. Nxe8 Kg8 24. Rxc6 dxc6 25. Nd6 Kf8 26. Nc4 b5 27. Ne5 1-0

[Event "Mechanics' Fall TNM; G/2"]
[Site "San Francisco"]
[Date "2016.11.22"]
[Round "6.12"]
[White "Walters, Kevin"]
[Black "Gray, William"]
[Result "1/2-1/2"]
[WhiteElo "1864"]
[BlackElo "2022"]
[PlyCount "82"]
[EventDate "2016.??.??"]

1. e4 c5 2. d4 cxd4 3. c3 dxc3 4. Nxc3 Nc6 5. Nf3 d6 6. Bc4 a6 7. O-O Nf6 8.
Bf4 e5 9. Ng5 Be6 10. Nxe6 fxe6 11. Be3 Qe7 12. Qb3 Nd8 13. Bb6 Nd7 14. Na4 Nc6
15. Bxe6 g6 16. Rad1 Bg7 17. Bxd7+ Qxd7 18. Bc5 Qf7 19. Qxf7+ Kxf7 20. Rxd6
Rhd8 21. Rfd1 Nd4 22. Kf1 Rxd6 23. Bxd6 Rc8 24. Nc3 Rc4 25. Rd3 Ke6 26. Ba3 b5
27. b3 Rc6 28. Nd5 a5 29. Bb2 Rc2 30. Bxd4 exd4 31. Ke1 Rxa2 32. Nc7+ Ke5 33.
f3 b4 34. Nb5 Rxg2 35. Nxd4 Rxh2 36. Nc6+ Kf4 37. Nxa5 Bc3+ 38. Kf1 h5 39. Kg1
Ra2 40. Rd5 Kxf3 41. Rg5 Bd4+ {
and eventually drawn. Both players quit keeping score at this point.} 1/2-1/2

[Event "Mechanics' Alan Benson TNM; G/2"]
[Site "San Francisco"]
[Date "2016.08.23"]
[Round "4.14"]
[White "Walters, Kevin"]
[Black "Hua, Arnold"]
[Result "0-1"]
[WhiteElo "1897"]
[BlackElo "1965"]
[PlyCount "139"]
[EventDate "2016.??.??"]

1. e4 d5 2. exd5 Nf6 3. d4 Nxd5 4. Nf3 e6 5. c4 Nf6 6. Bg5 Be7 7. Nc3 O-O 8.
Bd3 b6 9. O-O Bb7 10. Bc2 Re8 11. Qd3 Nbd7 12. Rad1 Nf8 13. Rfe1 a6 14. Ne5 Ra7
15. Ba4 N6d7 16. Bxe7 Qxe7 17. Qg3 Ba8 18. f4 Rd8 19. Nxd7 Nxd7 20. f5 Nf8 21.
Bc2 Qf6 22. Ne4 Bxe4 23. Rxe4 exf5 24. Re5 f4 25. Qf2 Ng6 26. Rf5 Qd6 27. h4 c6
28. h5 Nf8 29. Rxf4 Qh6 30. Qh4 Ne6 31. Re4 Rad7 32. Rde1 Kf8 33. d5 cxd5 34.
cxd5 Rxd5 35. Bb3 Rg5 36. Rxe6 fxe6 37. Rxe6 Qxh5 38. Qf2+ Rf5 39. Qxb6 Qh4 40.
Qe3 Qd4 41. Re8+ Rxe8 42. Qxd4 {White had only a few seconds left at this
point and played the remainder of the game on the five second increment.} Re1+
43. Kh2 Rff1 44. Qd6+ Ke8 45. Ba4+ Kf7 46. Qd7+ Kg6 47. Bc2+ Kf6 48. Qd6+ Kf7
49. Bb3+ Ke8 50. Ba4+ Kf7 51. Bb3+ Ke8 52. Be6 Rd1 53. Qc6+ Ke7 54. Qe4 Rde1
55. Qb7+ Kxe6 56. Qxa6+ Kf5 57. b4 g5 58. Qc8+ Kf4 59. g3+ Kf3 60. Qc3+ Kg4 61.
Qd4+ Kh5 62. Kg2 g4 63. Qd5+ Kg6 64. Qc6+ Kg5 65. Qc4 Re8 66. Qd3 Ref8 67. Qe3+
Kg6 68. a4 Kg7 69. Qd4+ Kg6 70. Qb6+ 0-1

[Event "Mechanics' Fall TNM; G/2"]
[Site "San Francisco"]
[Date "2016.12.06"]
[Round "8.12"]
[White "Walters, Kevin"]
[Black "Viswanath Natraj, Ganesh"]
[Result "1/2-1/2"]
[WhiteElo "1864"]
[BlackElo "2132"]
[PlyCount "66"]
[EventDate "2016.??.??"]

1. e4 c5 2. d4 cxd4 3. c3 Nf6 4. e5 Nd5 5. Nf3 Nc6 6. cxd4 d6 7. Bc4 Nb6 8. Bb3
dxe5 9. Nxe5 Nxe5 10. dxe5 Qxd1+ 11. Bxd1 g6 12. Nd2 Bg7 13. f4 Be6 14. O-O O-O
15. Bf3 Bd5 16. Ne4 Bc6 17. b3 Nd5 18. g3 f6 19. exf6 Nxf6 20. Nxf6+ Bxf6 21.
Rb1 Bd4+ 22. Kg2 Rac8 23. Bb2 Bxf3+ 24. Kxf3 Bxb2 25. Rxb2 e5 26. Ke4 Rce8 27.
f5 Rf6 28. g4 Rd6 29. f6 Rd4+ 30. Ke3 Rf8 31. h3 Rf4 32. Rbf2 R8xf6 33. Rxf4
exf4+ 1/2-1/2

[Event "Mechanics' Winter TNM; G/2"]
[Site "San Francisco"]
[Date "2016.02.09"]
[Round "6.26"]
[White "Walters, Kevin"]
[Black "Porlares, Teodoro"]
[Result "1-0"]
[WhiteElo "1678"]
[BlackElo "1892"]
[PlyCount "61"]
[EventDate "2016.??.??"]

1. e4 c6 2. d4 d5 3. Nc3 dxe4 4. f3 exf3 5. Nxf3 Bg4 6. Bc4 Nf6 7. Ne5 Be6 8.
Bxe6 fxe6 9. O-O g6 10. g4 Nbd7 11. Bf4 Nxe5 12. Bxe5 Bg7 13. Qe2 Qd7 14. Ne4
O-O 15. Nc5 Qc8 16. g5 Nh5 17. Rxf8+ Bxf8 18. Rf1 Bg7 19. Qf3 b6 20. Qf7+ Kh8
21. Nxe6 Bxe5 22. dxe5 Qe8 23. Nc7 Qxf7 24. Rxf7 Rd8 25. Rxe7 Rd1+ 26. Kf2 Rd2+
27. Ke3 Rxc2 28. e6 Ng7 29. Rxg7 Kxg7 30. e7 Rc1 31. Kd2 1-0

[Event "Mechanics' Winter TNM; G/2"]
[Site "San Francisco"]
[Date "2016.02.23"]
[Round "8.28"]
[White "Walters, Kevin"]
[Black "Smith, David A"]
[Result "1-0"]
[WhiteElo "1678"]
[BlackElo "1581"]
[Annotator "Donaldson"]
[PlyCount "71"]
[EventDate "2016.??.??"]

1. e4 c5 2. d4 cxd4 3. c3 d3 4. Bxd3 Nc6 5. Nf3 g6 6. O-O Bg7 7. Bg5 (7. c4 {
leads to a Maroczy Bind setup that should favor White. The bishop on d3 is
awkwardly placed (e2 would be a better square for it) but the presence of all
four pairs of minor pieces is a real plus for White (Black wants to trade at
least one pair of minor pieces to ease his cramp).} Nf6 8. Nc3 d6 9. h3 {
to stop ...Bg4.}) 7... Nf6 8. e5 Ng4 9. Re1 Ngxe5 10. Nxe5 Nxe5 11. Bxe7 Qxe7
12. f4 O-O 13. fxe5 Bxe5 14. Nd2 d6 15. Bc4 Be6 16. Bb3 Rac8 17. Nf3 f6 18. Nd4
Bf7 19. Qg4 Kh8 20. Rad1 Bxb3 21. axb3 f5 22. Qe2 Rce8 23. Kh1 a6 24. Rd3 Qc7
25. Nf3 Re7 26. Re3 Rfe8 27. c4 Bf6 28. Qd2 Rxe3 29. Rxe3 Rxe3 30. Qxe3 Bxb2
31. Qe8+ Kg7 32. Ng5 Kh6 33. Nf7+ Kh5 34. Qe2+ Kh4 35. g3+ Kh3 36. Ng5# 1-0

[Event "Mechanics' Spring TNM; G/2"]
[Site "San Francisco"]
[Date "2016.04.05"]
[Round "4.4"]
[White "Walters, Kevin"]
[Black "Tsodikova, Natalya"]
[Result "0-1"]
[WhiteElo "1701"]
[BlackElo "2207"]
[PlyCount "72"]
[EventDate "2016.??.??"]

1. e4 e5 2. Nf3 Nc6 3. Bb5 Nge7 4. O-O g6 5. c3 Bg7 6. d4 exd4 7. cxd4 d5 8.
exd5 Nxd5 9. Bg5 Qd6 10. Re1+ Be6 11. Nbd2 O-O 12. Ne4 Qb4 13. Bxc6 bxc6 14.
Qc1 Rab8 15. Nc5 Qxb2 16. Nxe6 fxe6 17. Qxb2 Rxb2 18. Rxe6 Rxf2 19. Bh6 Rc2 20.
Bxg7 Kxg7 21. Ne1 Rb2 22. Rxc6 Rf7 23. Re6 Rff2 24. Re5 c6 25. Rc1 Rf6 26. Rc2
Rb1 27. Rf2 Rd1 28. Rxf6 Kxf6 29. Re4 Kf5 30. Re5+ Kf6 31. Kf2 Rxd4 32. Nf3 Ra4
33. Re2 Nc3 34. Rc2 Rxa2 35. Rxa2 Nxa2 36. Nd4 Nb4 0-1

[Event "Mechanics' Spring TNM; G/2"]
[Site "San Francisco"]
[Date "2016.03.29"]
[Round "3.9"]
[White "Walters, Kevin"]
[Black "Uzzaman, Ashik"]
[Result "1-0"]
[WhiteElo "1701"]
[BlackElo "1991"]
[PlyCount "87"]
[EventDate "2016.??.??"]

1. e4 c5 2. d4 cxd4 3. c3 g6 4. Nf3 Bg7 5. Bc4 d3 6. Qxd3 Nc6 7. Qd5 e6 8. Qd6
Nf6 9. Nbd2 Qe7 10. Qxe7+ Nxe7 11. e5 Ng4 12. Ne4 Nxe5 13. Nxe5 Bxe5 14. f4 Bg7
15. Nd6+ Kf8 16. Be3 b6 17. O-O-O Nf5 18. Bf2 Ke7 19. Nxf5+ gxf5 20. Rhe1 Bb7
21. Bh4+ Bf6 22. Bxf6+ Kxf6 23. g3 d5 24. Bb5 Rac8 25. Rd4 Rc5 26. Bd3 h5 27.
h4 Rg8 28. Re3 Bc6 29. Kd2 Ra5 30. a3 Bb5 31. Bxb5 Rxb5 32. b4 Ra8 33. a4 a6
34. axb5 axb5 35. Kc2 Ra2+ 36. Kb3 Ra1 37. Rd2 Ra4 38. Ra2 Rxa2 39. Kxa2 Ke7
40. Kb3 Kd6 41. Re2 Kc7 42. Ra2 Kb7 43. Kc2 Kb8 44. Kd3 1-0

[Event "Mechanics' Fall TNM; G/2"]
[Site "San Francisco"]
[Date "2016.10.25"]
[Round "2.10"]
[White "Walters, Kevin"]
[Black "Walder, Michael S"]
[Result "1-0"]
[WhiteElo "1864"]
[BlackElo "2084"]
[Annotator "Donaldson"]
[PlyCount "93"]
[EventDate "2016.??.??"]

1. e4 c5 2. d4 cxd4 3. c3 dxc3 4. Nxc3 Nc6 5. Nf3 d6 6. Bc4 a6 7. O-O Nf6 8.
Bf4 e5 9. Bg5 Be7 10. Rc1 O-O 11. a3 Bg4 12. h3 Bxf3 13. Qxf3 Nd4 14. Qd3 Rc8
15. Rfd1 Nd7 16. Bxe7 Qxe7 17. Nd5 Qg5 18. Rc3 b5 19. Ba2 Rxc3 20. Nxc3 Nc5 21.
Qf1 Kh8 22. b4 Nce6 23. Rd3 Rc8 24. Qd1 Nf4 25. Rg3 Qh6 26. Kh2 f5 27. Bb1 Nh5
28. Re3 f4 29. Qg4 Rf8 30. Rd3 f3 31. gxf3 Nf6 32. Qg3 Rc8 33. Nd5 Qc1 34. Ba2
Qc2 35. Nxf6 Qxd3 36. Nh5 Rc7 37. Kg2 g6 38. Nf6 {Diagram [#]} Kg7 $4 (38...
Rc1 {wins.}) 39. Ne8+ Kh8 40. Nxc7 Qc2 41. Bd5 $4 (41. Qg5 {and}) (41. Qh4 {
both won.}) 41... Qxc7 42. Qg5 Kg7 43. f4 Ne2 $1 44. fxe5 dxe5 45. Qd2 Nf4+ 46.
Kh2 Qd7 47. Qc3 {Black lost on time before having a chance to enter a pawn-up
queen ending with 47...Nxd5.} 1-0

[Event "Mechanics' Summer TNM; G/2"]
[Site "San Francisco"]
[Date "2016.07.05"]
[Round "7.9"]
[White "Walters, Kevin"]
[Black "Wang, Yuan"]
[Result "1-0"]
[WhiteElo "1886"]
[BlackElo "2054"]
[PlyCount "95"]
[EventDate "2016.??.??"]

1. e4 c5 2. d4 cxd4 3. c3 dxc3 4. Nxc3 e6 5. Nf3 Nc6 6. Bc4 a6 7. O-O b5 8. Bb3
Bb7 9. Qe2 Nge7 10. Bg5 f6 11. Bh4 Ng6 12. Rfd1 Nxh4 13. Nxh4 Qe7 14. Qh5+ Kd8
15. Qg4 Kc8 16. Rac1 Kb8 17. Qg3+ d6 18. Qh3 Nd8 {Diagram [#]} 19. Ng6 $1 hxg6
20. Qxh8 Ra7 21. Qh4 f5 22. Qg3 b4 23. Na4 Bxe4 24. Nb6 Rc7 25. Ba4 Bc6 26. Qd3
Kb7 27. Qd4 d5 28. Re1 Qf6 29. Qxf6 gxf6 30. Bxc6+ Rxc6 31. Na4 e5 32. f3 Ne6
33. Rxc6 Kxc6 34. Rc1+ Bc5+ 35. Kf1 e4 36. h4 Kb5 37. Nxc5 Nxc5 38. g4 fxg4 39.
fxg4 Nd3 40. h5 gxh5 41. gxh5 Nf4 42. h6 d4 43. h7 Ng6 44. Rc8 e3 45. Rg8 Nh8
46. Rxh8 d3 47. Re8 e2+ 48. Rxe2 1-0

[Event "Mechanics' Fall TNM; G/2"]
[Site "San Francisco"]
[Date "2016.11.08"]
[Round "4.7"]
[White "Walters, Kevin"]
[Black "Winslow, Elliott C"]
[Result "0-1"]
[WhiteElo "1864"]
[BlackElo "2314"]
[PlyCount "70"]
[EventDate "2016.??.??"]

1. e4 c5 2. d4 cxd4 3. c3 Nf6 4. e5 Nd5 5. cxd4 d6 6. Nf3 Nc6 7. Bc4 dxe5 8.
dxe5 Ndb4 9. Qb3 e6 10. O-O Na5 11. Bb5+ Bd7 12. Qa4 Bxb5 13. Qxb5+ Nac6 14.
Nc3 a6 15. Qe2 Qd3 16. Rd1 Qxe2 17. Nxe2 Nd5 18. Bg5 h6 19. Bh4 g5 20. Bg3 Bg7
21. Ned4 Nde7 22. h3 O-O-O 23. Rac1 Rd5 24. Rc4 Rhd8 25. Rdc1 Kb8 26. Nb3 Nf5
27. Nc5 Nxg3 28. fxg3 Nxe5 29. Kf1 Nxf3 30. gxf3 Bxb2 31. Rb1 Rd1+ 32. Rxd1
Rxd1+ 33. Ke2 Rd5 34. f4 Ba3 35. Nd3 Bd6 0-1

[Event "Mechanics' Summer TNM; G/2"]
[Site "San Francisco"]
[Date "2016.06.28"]
[Round "6.13"]
[White "Wang, Yuan"]
[Black "Babayan, Gagik"]
[Result "1-0"]
[WhiteElo "2054"]
[BlackElo "1861"]
[PlyCount "69"]
[EventDate "2016.??.??"]

1. e4 c5 2. Nc3 d6 3. g3 Nc6 4. Bg2 e6 5. d3 Nf6 6. Be3 a6 7. f4 Qc7 8. h3 h5
9. Nge2 b5 10. Qd2 Rb8 11. O-O b4 12. Nd1 Be7 13. Nf2 e5 14. f5 a5 15. g4 hxg4
16. hxg4 Nd7 17. c3 f6 18. d4 Ba6 19. Rfd1 Bxe2 20. Qxe2 cxd4 21. cxd4 exd4 22.
Bxd4 Nxd4 23. Rxd4 Ne5 24. Rd2 Rc8 25. Nd3 O-O 26. Nf4 Qc4 27. Nd5 Qxe2 28.
Rxe2 Kf7 29. Rd1 Rc6 30. Red2 Nxg4 31. Bf3 Ne5 32. Bh5+ g6 33. fxg6+ Kg7 34.
Nxe7 Nc4 35. Nf5+ 1-0

[Event "Mechanics' Spring TNM; G/2"]
[Site "San Francisco"]
[Date "2016.03.15"]
[Round "1.10"]
[White "Wang, Yuan"]
[Black "Boldi, Ethan Vaugh"]
[Result "1-0"]
[WhiteElo "2051"]
[BlackElo "1658"]
[PlyCount "67"]
[EventDate "2016.??.??"]

1. e4 e6 2. d4 d5 3. Nc3 Nf6 4. e5 Nfd7 5. f4 c5 6. Nf3 Nc6 7. Be3 cxd4 8. Nxd4
Bc5 9. Qd2 O-O 10. O-O-O a6 11. h4 Bxd4 12. Bxd4 h6 13. g4 Ne7 14. Bd3 Nc6 15.
Ne2 Nxd4 16. Nxd4 Nc5 17. f5 f6 18. Rde1 fxe5 19. Rxe5 Qc7 20. Rhe1 Ne4 21. Qf4
Qa5 22. R1xe4 Qxa2 23. Re1 Qa1+ 24. Kd2 Qxb2 25. Nxe6 Bxe6 26. Rxe6 d4 27. Qe5
Rac8 28. Re7 Qb4+ 29. Kc1 Qa3+ 30. Kd1 Qa1+ 31. Ke2 Rxc2+ 32. Bxc2 d3+ 33. Bxd3
Qxe5+ 34. Rxe5 1-0

[Event "Mechanics' Alan Benson TNM; G/2"]
[Site "San Francisco"]
[Date "2016.09.06"]
[Round "6.8"]
[White "Wang, Yuan"]
[Black "Campers Jr, Willie"]
[Result "1-0"]
[WhiteElo "2068"]
[BlackElo "1751"]
[Annotator "Winslow,Elliott"]
[PlyCount "55"]
[EventDate "2016.??.??"]

1. e4 e6 2. d4 d5 3. Nc3 Nf6 4. e5 Nfd7 5. f4 Be7 6. Nf3 c5 7. Be3 Nc6 8. Qd2
O-O 9. Be2 f5 10. exf6 Nxf6 11. O-O cxd4 12. Nxd4 Bb4 13. Bf3 a6 14. a3 Bd6 15.
Rad1 Na5 16. Rfe1 Nc4 17. Qc1 Qc7 18. g3 Bd7 19. f5 Bxg3 20. hxg3 Qxg3+ 21. Bg2
Ng4 22. Nf3 Rxf5 23. Ne2 {
This and Black's response were missing from scoresheet} Qd6 24. Ned4 Ncxe3 25.
Rxe3 Rh5 26. Re2 Qg3 (26... e5 $19) 27. Qd2 e5 28. Qe1 {and the game ends: 1-0.
} (28. Qe1 Qf4 $1 $19 (28... Qxe1+ 29. Rdxe1 exd4 30. Re7 {"only" -/+})) 1-0

[Event "Mechanics' Summer TNM; G/2"]
[Site "San Francisco"]
[Date "2016.07.12"]
[Round "8.13"]
[White "Wang, Yuan"]
[Black "Campers Jr, Willie"]
[Result "1-0"]
[WhiteElo "2054"]
[BlackElo "1774"]
[Annotator "Donaldson"]
[PlyCount "57"]
[EventDate "2016.??.??"]

1. e4 e6 2. d4 d5 3. Nc3 Nf6 4. e5 Nfd7 5. f4 Be7 (5... c5 6. Nf3 Nc6) 6. Nf3
a6 (6... c5) 7. Bd3 c5 8. Be3 Nc6 9. Qd2 b5 10. O-O Qb6 11. dxc5 Bxc5 12. Bxc5
Qxc5+ 13. Kh1 Qe7 (13... Bb7) 14. Rad1 Nc5 15. f5 Nxd3 (15... Bd7) 16. Qxd3 Nb4
17. Qd2 Bb7 18. a3 Nc6 19. f6 gxf6 20. Nxd5 (20. exf6 Qxf6 21. Ng5) 20... Rd8 (
20... exd5 21. exf6 Qd6) 21. Nxf6+ Qxf6 22. exf6 Rxd2 23. Nxd2 Nd4 24. c4 Rg8
25. Rf2 Kf8 26. cxb5 axb5 27. Rc1 Ke8 28. Rc7 Ba6 29. Re7+ 1-0

[Event "Mechanics' Summer TNM; G/2"]
[Site "San Francisco"]
[Date "2016.05.31"]
[Round "2.11"]
[White "Wang, Yuan"]
[Black "Harmon, Frederick"]
[Result "0-1"]
[WhiteElo "2054"]
[BlackElo "1766"]
[PlyCount "44"]
[EventDate "2016.??.??"]

1. e4 Nc6 2. d4 d6 3. f4 d5 4. e5 Bf5 5. Nf3 e6 6. Bd3 Bxd3 7. Qxd3 Nh6 8. O-O
g6 9. Nc3 a6 10. Ne2 b6 11. h3 Nb4 12. Qb3 c5 13. c3 c4 14. Qd1 Nd3 15. Qc2
Nxc1 16. Raxc1 Nf5 17. g4 Ne3 18. Qd2 Nxf1 19. Rxf1 Bh6 20. Qc2 O-O 21. f5 exf5
22. gxf5 Qd7 {And Black later won. The remaining moves are unavailable.} 0-1

[Event "Mechanics' Winter TNM; G/2"]
[Site "San Francisco"]
[Date "2016.02.02"]
[Round "5.13"]
[White "Wang, Yuan"]
[Black "Kuczek, Kevin W"]
[Result "0-1"]
[WhiteElo "2105"]
[BlackElo "1741"]
[PlyCount "42"]
[EventDate "2016.??.??"]

1. e4 e5 2. Nf3 Nc6 3. Bb5 Nf6 4. O-O Nxe4 5. d4 Nd6 6. Bxc6 dxc6 7. dxe5 Ne4
8. Qe2 Bf5 9. Rd1 Qc8 10. Nd4 Bc5 11. Be3 O-O 12. f3 Bxd4 13. Bxd4 Ng5 14. g4
Nxf3+ 15. Kh1 Bxg4 16. Qe3 Qf5 17. Na3 Nxe5 18. Qxe5 Bf3+ 19. Kg1 Qg4+ 20. Kf2
Bxd1 21. Rxd1 Rad8 0-1

[Event "Mechanics' Fall TNM; G/2"]
[Site "San Francisco"]
[Date "2016.10.18"]
[Round "1.9"]
[White "Wang, Yuan"]
[Black "Malykin, Erika"]
[Result "1-0"]
[WhiteElo "2088"]
[BlackElo "1599"]
[PlyCount "79"]
[EventDate "2016.??.??"]

1. e4 e6 2. d4 c5 3. c3 cxd4 4. cxd4 Bb4+ 5. Nc3 Nf6 6. Bd3 Nc6 7. Be3 Qa5 8.
Qd2 e5 9. Nge2 d5 10. exd5 Nxd5 11. dxe5 Bxc3 12. Nxc3 Nxe3 13. fxe3 Qxe5 14.
O-O O-O 15. Rae1 Be6 16. Qc2 g6 17. a3 Rad8 18. Ne4 f5 19. Nc5 Bc8 20. Bc4+ Kh8
21. Nd3 Qf6 22. Nf4 Ne5 23. Bb3 Rfe8 24. e4 Qb6+ 25. Kh1 Kg7 26. Bd5 Ng4 27. h3
Nf6 28. Qc3 Kh6 29. Bf7 Rxe4 30. b4 Rxe1 31. Rxe1 Ne4 32. Qc1 Kg7 33. Bb3 g5
34. Nd5 Nf2+ 35. Kh2 Qd6+ 36. g3 Ne4 37. Re3 h6 38. Qb2+ Kg6 39. Rd3 Qf8 40.
Qd4 {Black has played very well and stands slightly better but eventually lost.
Remaining moves unavailable.} 1-0

[Event "Mechanics' Alan Benson TNM; G/2"]
[Site "San Francisco"]
[Date "2016.08.23"]
[Round "4.11"]
[White "Wang, Yuan"]
[Black "McKellar, Daniel"]
[Result "1-0"]
[WhiteElo "2068"]
[BlackElo "1745"]
[PlyCount "53"]
[EventDate "2016.??.??"]

1. e4 e6 2. d4 d5 3. Nc3 dxe4 4. Nxe4 Bd7 5. c4 Bc6 6. Nc3 Nf6 7. Nf3 Bxf3 8.
Qxf3 c6 9. Be3 Nbd7 10. Bd3 Be7 11. O-O O-O 12. Rfe1 Qa5 13. a3 Qh5 14. Qg3
Rac8 15. b4 Rfe8 16. Rad1 Qg4 17. Qxg4 Nxg4 18. Bf4 Rcd8 19. Bc7 Rc8 20. Bg3
Rcd8 21. d5 exd5 22. cxd5 cxd5 23. Nxd5 Bg5 24. Rxe8+ Rxe8 25. Bb5 Ngf6 26.
Nxf6+ Nxf6 27. h4 1-0

[Event "Mechanics' Spring TNM; G/2"]
[Site "San Francisco"]
[Date "2016.03.29"]
[Round "3.8"]
[White "Wang, Yuan"]
[Black "Paquette, James"]
[Result "1-0"]
[WhiteElo "2051"]
[BlackElo "1677"]
[PlyCount "51"]
[EventDate "2016.??.??"]

1. e4 g6 2. f4 Bg7 3. Nf3 d5 4. e5 c5 5. d4 b6 6. Be2 Nc6 7. O-O Nh6 8. Be3 Bg4
9. dxc5 Nf5 10. Bf2 bxc5 11. Bxc5 d4 12. Qd3 Qa5 13. b4 Qd8 14. Nxd4 Ncxd4 15.
Bxg4 Ne3 16. Qxe3 Nxc2 17. Qb3 Nxa1 18. Qa4+ Kf8 19. Rd1 f5 20. Rxd8+ Rxd8 21.
Qxa7 Re8 22. Be2 Bxe5 23. fxe5 Kg7 24. Bxe7 Ra8 25. Bf6+ Kh6 26. Qg7# 1-0